Instructivo de laboratorio, texto atlas de histología (Registro nro. 27259)

Detalles MARC
000 -CABECERA
Longitud fija campo de control 00815nam a2200217 b 4500
003 - IDENTIFICADOR DELl NÚMERO DE CONTROL
Identificador del número de control OSt
005 - FECHA Y HORA DE LA ÚLTIMA TRANSACCIÓN
Fecha y hora de la última transacción 20191119161802.0
008 - CÓDIGOS DE INFORMACIÓN DE LONGITUD FIJA
Códigos de información de longitud fija 070723s2014 ag | ||| ||spa
020 ## - NÚMERO INTERNACIONAL NORMALIZADO PARA LIBROS
Número Internacional Normalizado para Libros (ISBN) 978-607-15-1149-2
040 ## - FUENTE DE LA CATALOGACIÓN
Centro catalogador de origen SpMaBN
Centro transcriptor BMC
082 ## - NÚMERO DE LA CLASIFICACIÓN DECIMAL DEWEY
Númeroo de clasificación 611.018
100 1# - PUNTO DE ACCESO PRINCIPAL-NOMBRE DE PERSONA
9 (RLIN) 7978
Nombre de persona Sepúlveda Saavedra, Julio
245 10 - MENCIÓN DE TÍTULO
Título Instructivo de laboratorio, texto atlas de histología
Resto del título : biología celular y tisular
Mención de responsabilidad, etc. Julio Sepúlveda Saavedra, Rosa María Medina Hernández; preparación de imágenes, Viktor Javier Romero Díaz...[et al.]
250 ## - MENCIÓN DE EDICIÓN
Mención de edición 6ª ed
260 ## - PUBLICACIÓN, DISTRIBUCIÓN, ETC. (PIE DE IMPRENTA)
Lugar de publicación, distribución, etc. México, D.F. [etc.]
Nombre del editor, distribuidor, etc. McGraw-HIll
Fecha de publicación, distribución, etc. cop. 2014
300 ## - DESCRIPCIÓN FÍSICA
Extensión VIII, 167 p.
Otras características físicas il. col.
Dimensiones 27 cm
650 24 - PUNTO DE ACCESO ADICIONAL DE MATERIA - TÉRMINO DE MATERIA
9 (RLIN) 7970
Término de materia o nombre geográfico como elemento inicial Histología
700 1# - PUNTO DE ACCESO ADICIONAL - NOMBRE DE PERSONA
9 (RLIN) 40866
Nombre de persona Medina Hernández, Rosa María‏
700 1# - PUNTO DE ACCESO ADICIONAL - NOMBRE DE PERSONA
9 (RLIN) 40867
Nombre de persona Romero-Díaz, Víktor J.‏
942 ## - ENTRADA DE ELEMENTOS AGREGADOS (KOHA)
Fuente de clasificaión o esquema Dewey Decimal Classification
Koha [por defecto] tipo de item 1- Monografias
Existencias
Suprimido Perdido Fuente de clasificación o esquema Estropeado Restricciones de uso No para préstamo Código de colección Localización permanente Localización actual Localización en estanter&íacute;as Fecha adquisición Fuente de adquisición Número de inventario Préstamos totales Renovaciones totales Signatura completa Código de barras Fecha última consulta Fecha último préstamo Coste, precio reemplazado Fecha del precio de reemplazo Tipo de item de Koha
NULL NULL Dewey Decimal Classification NULL Prestable NULL NULL Biblioteca Miguel de Cervantes - UNICAES Biblioteca Miguel de Cervantes - UNICAES Sala Principal 08/03/2017 Donación - Facultad de Ciencias de la Salud 033303 25 10 611.018 SEP ins 1041058 09/04/2025 07/04/2025 20.00 09/03/2017 1- Monografias
NULL NULL Dewey Decimal Classification NULL   NULL NULL Biblioteca Miguel de Cervantes - UNICAES Biblioteca Miguel de Cervantes - UNICAES Sala Principal 08/03/2017 Donación - Facultad de Ciencias de la Salud 033304 12 8 611.018 SEP ins 1041059 25/01/2019 25/01/2019 20.00 09/03/2017 1- Monografias
NULL NULL Dewey Decimal Classification NULL Prestable NULL NULL Biblioteca Miguel de Cervantes - UNICAES Biblioteca Miguel de Cervantes - UNICAES Sala Principal 08/03/2017 Donación - Facultad de Ciencias de la Salud 033305 15 4 611.018 SEP ins 1041060 25/01/2024 23/01/2024   09/03/2017 1- Monografias
NULL NULL Dewey Decimal Classification NULL Prestable NULL NULL Biblioteca Miguel de Cervantes - UNICAES Biblioteca Miguel de Cervantes - UNICAES Sala Principal 08/03/2017 Donación - Facultad de Ciencias de la Salud 033306 16 6 611.018 SEP ins 1041061 09/02/2026 09/02/2026 20.00 09/03/2017 1- Monografias
NULL NULL Dewey Decimal Classification NULL Prestable NULL NULL Biblioteca Miguel de Cervantes - UNICAES Biblioteca Miguel de Cervantes - UNICAES Sala Principal 08/03/2017 Donación - Facultad de Ciencias de la Salud 033307 33 12 611.018 SEP ins 1041062 11/02/2026 09/02/2026 20.00 09/03/2017 1- Monografias